000 00500nam a2200169Ia 4500
999 _c530
_d530
003 OSt
005 20200915151721.0
008 190216s9999||||xx |||||||||||||| ||und||
040 _coclc
082 _a892.71
_bNAD/C
100 _aNadeem, S H
_94608
245 0 _aA Critical Appreciation Of Arabic Mystical Poetry /
_cS H Nadeem
260 _bAdam Publishers&Distributors,
_c1993.
_aDelhi:
300 _a263p
650 _aArabic
942 _cBK
_2ddc
_h892.71
_iNAD/C
_k892.71
_mNAD/C